<?xml version="1.0" encoding="UTF-8"?>
<record
    xmlns:xsi="http://www.w3.org/2001/XMLSchema-instance"
    xsi:schemaLocation="http://www.loc.gov/MARC21/slim http://www.loc.gov/standards/marcxml/schema/MARC21slim.xsd"
    xmlns="http://www.loc.gov/MARC21/slim">

  <leader>010350000a22002290004500</leader>
  <controlfield tag="001">768714001</controlfield>
  <controlfield tag="003">CO-MdFUSB</controlfield>
  <controlfield tag="005">20240806120216.0</controlfield>
  <controlfield tag="008">240806t1998    -us||||| |||| 00| 0 eng d</controlfield>
  <datafield tag="040" ind1=" " ind2=" ">
    <subfield code="b">spa</subfield>
    <subfield code="c">CO-MdFUSB</subfield>
  </datafield>
  <datafield tag="041" ind1=" " ind2=" ">
    <subfield code="a">eng</subfield>
  </datafield>
  <datafield tag="100" ind1="1" ind2=" ">
    <subfield code="a">Starr, J. Barton</subfield>
    <subfield code="e">autor</subfield>
  </datafield>
  <datafield tag="245" ind1=" " ind2="4">
    <subfield code="a">The legacy of Robert Morrison</subfield>
    <subfield code="c">/ Barton Starr</subfield>
  </datafield>
  <datafield tag="520" ind1=" " ind2=" ">
    <subfield code="a">Todos los estudios sobre las misiones cristianas en China y casi todas las rese&#xF1;as hist&#xF3;ricas de las misiones cristianas en todo el mundo tratan brevemente de este solitario misionero brit&#xE1;nico, y sin embargo, sorprendentemente, se ha escrito muy poco trabajo acad&#xE9;mico sustancial sobre Robert Morrison, este art&#xED;culo expone su legado.</subfield>
  </datafield>
  <datafield tag="546" ind1=" " ind2=" ">
    <subfield code="a">Texto en ingl&#xE9;s.</subfield>
  </datafield>
  <datafield tag="650" ind1=" " ind2="7">
    <subfield code="a">Misioneros</subfield>
    <subfield code="9">931</subfield>
  </datafield>
  <datafield tag="650" ind1=" " ind2="0">
    <subfield code="a">Biograf&#xED;as cristianas</subfield>
    <subfield code="9">1238</subfield>
  </datafield>
  <datafield tag="650" ind1=" " ind2="0">
    <subfield code="a">Evangelizaci&#xF3;n</subfield>
    <subfield code="9">362</subfield>
  </datafield>
  <datafield tag="773" ind1="0" ind2=" ">
    <subfield code="t">International Bulletin</subfield>
    <subfield code="0">49483</subfield>
    <subfield code="9">61006</subfield>
    <subfield code="g">Volumen 22, (n&#xFA;mero 2, 1998), p&#xE1;ginas: 73 - 76</subfield>
    <subfield code="q">p&#xE1;gina: 73</subfield>
  </datafield>
  <datafield tag="942" ind1=" " ind2=" ">
    <subfield code="c">ANA</subfield>
  </datafield>
  <datafield tag="945" ind1=" " ind2=" ">
    <subfield code="a">Catherine Arias &#xC1;lvarez - Practicante SENA</subfield>
  </datafield>
  <datafield tag="999" ind1=" " ind2=" ">
    <subfield code="c">57336</subfield>
    <subfield code="d">57336</subfield>
  </datafield>
</record>
